000 00533nam a2200229Ia 4500
003 OSt
005 20250708105300.0
008 210210b2006 xxu||||| |||| 00| 0 eng d
020 _a052168417X
040 _cAL
041 _aeng
082 _a574 TAYB
100 _aTaylor D J
_9211225
245 _aBiological science Ed 3
250 _a3
260 _aUK
_bCambridge University Press
_c2006
300 _aviii,984p
690 _aBiology
_9211230
700 _aGreen, N P O
_9211231
906 _a062526
942 _2ddc
_cBK
999 _c117631
_d117631